IB biology - Statistics

General Stats
  • This quiz has been taken 14 times
  • The average score is 9 of 16
Answer Stats
Picture Answer % Correct
amino acid
75%
anaphase
75%
ribosome
75%
trna
75%
a- glucose
63%
fatty acid
63%
metaphase
63%
prophase
63%
telophase
63%
b- glucose
50%
chromatid
50%
ribose
50%
deoxyribose
38%
cytosine guanine
25%
cyclin graph
13%
thymine adenine
13%
No matching quizzes found
Score Distribution
Percent of People with Each Score
Percentile by Number Answered
Your Score History
You have not taken this quiz